[Event "Swiss Queens Wed #16"]
[Site "FIDE Online Arena INT"]
[Date "2024.05.15"]
[Round "7"]
[White "Kosteniuk, Alexandra"]
[Black "Tokhirjonova, Gulruhbegim"]
[Result "1-0"]
[WhiteElo "2501"]
[BlackElo "2366"]
[PlyCount "47"]
[EventDate "2024.05.15"]
[EventType "swiss (blitz)"]
[EventRounds "11"]
[EventCountry "NET"]
[SourceTitle "CB21_2024"]
[SourceDate "2024.05.22"]
[SourceVersion "1"]
[SourceVersionDate "2024.05.22"]
[SourceQuality "1"]

1. e4 e5 2. Nf3 Nc6 3. Bb5 a6 4. Ba4 Nf6 5. d4 Nxe4 6. Qe2 Nf6 7. dxe5 Nd5 8. Bb3 Nce7 9. Ng5 h6 10. Nxf7 Kxf7 11. Qf3+ Ke6 12. Nc3 c6 13. Ne2 Ng6 14. Qg4+ Kxe5 15. Qxg6 Qf6 16. Qe8+ Kd6 17. Bxd5 cxd5 18. Bf4+ Kc6 19. 0-0-0 b5 20. Rxd5 Kxd5 21. Rd1+ Kc6 22. Qe4+ Kb6 23. Qxa8 Bc5 24. Qb8+ 1-0

[Event "Swiss Queens Wed #16"]
[Site "FIDE Online Arena INT"]
[Date "2024.05.15"]
[Round "6"]
[White "Tokhirjonova, Gulruhbegim"]
[Black "Shuvalova, Polina"]
[Result "0-1"]
[WhiteElo "2366"]
[BlackElo "2456"]
[PlyCount "92"]
[EventDate "2024.05.15"]
[EventType "swiss (blitz)"]
[EventRounds "11"]
[EventCountry "NET"]
[SourceTitle "CB21_2024"]
[SourceDate "2024.05.22"]
[SourceVersion "1"]
[SourceVersionDate "2024.05.22"]
[SourceQuality "1"]

1. e4 e5 2. Nf3 Nc6 3. Bb5 a6 4. Ba4 Nf6 5. 0-0 Be7 6. Re1 b5 7. Bb3 0-0 8. d3 d6 9. c3 Na5 10. Bc2 c5 11. h3 h6 12. Nbd2 Be6 13. Nf1 Qc7 14. Ng3 Rad8 15. Qe2 Nc6 16. b3 d5 17. Bb2 d4 18. cxd4 cxd4 19. Rec1 Qd6 20. a4 Qd7 21. axb5 axb5 22. Bd1 Bd6 23. Nf5 Bxf5 24. exf5 Rfe8 25. Ra6 Nb4 26. Rb6 Qxf5 27. Ba3 Nxd3 28. Bxd6 Nxc1 29. Qd2 e4 30. Nh4 Qd5 31. Bc7 Rc8 32. Qxc1 Qg5 33. Rc6 Qxc1 34. Rxc1 Re7 35. Bf4 Rxc1 36. Bxc1 Ra7 37. Bb2 Ra2 38. Bxd4 Rd2 39. Bxf6 Rxd1+ 40. Kh2 gxf6 41. Nf5 Kh7 42. Ng3 Re1 43. h4 Kg6 44. Kh3 h5 45. b4 f5 46. Kh2 f4 0-1

[Event "Titled Tuesday intern op 14th May Late"]
[Site "Chess.com INT"]
[Date "2024.05.14"]
[Round "4"]
[White "Bayo Milagro, Alvaro"]
[Black "Tokhirjonova, Gulruhbegim"]
[Result "0-1"]
[WhiteElo "2285"]
[BlackElo "2366"]
[PlyCount "154"]
[EventDate "2024.05.14"]
[EventType "swiss (blitz)"]
[EventRounds "11"]
[EventCountry "USA"]
[SourceTitle "CB21_2024"]
[SourceDate "2024.05.22"]
[SourceVersion "1"]
[SourceVersionDate "2024.05.22"]
[SourceQuality "1"]

1. Nf3 d5 2. g3 Nf6 3. Bg2 g6 4. c4 c6 5. 0-0 Bg7 6. d4 0-0 7. b3 b6 8. Bb2 Bb7 9. Nc3 Nbd7 10. Qc2 Rc8 11. Rfd1 e6 12. e4 dxe4 13. Nxe4 Nxe4 14. Qxe4 Nf6 15. Qe2 Qc7 16. a4 a5 17. Rac1 Rcd8 18. Ba3 Rfe8 19. Qe5 Qc8 20. Qe2 c5 21. dxc5 bxc5 22. Ne5 Bxg2 23. Kxg2 Qb7+ 24. Qf3 Qc7 25. Rxd8 Rxd8 26. Nc6 Rd6 27. Ne5 Rd4 28. Nc6 Re4 29. Rd1 Qxc6 30. Rd8+ Bf8 31. Bxc5 Qxc5 32. Qxf6 Qc7 33. h4 h5 34. c5 Rb4 35. Kh2 Rb8 36. Rd3 Qxc5 37. Rd7 Qf5 38. Rxf7 Qxf6 39. Rxf6 Rxb3 40. Rxg6+ Kf7 41. Rg5 Bb4 42. Rxh5 Ra3 43. Rg5 Rxa4 44. h5 Ra2 45. Kg2 Bc3 46. h6 Bd4 47. h7 Rxf2+ 48. Kh3 Rf1 49. Kh2 Ra1 50. Rg8 a4 51. g4 a3 52. g5 a2 53. g6+ Ke7 54. Ra8 Rh1+ 55. Kxh1 a1Q+ 56. Rxa1 Bxa1 57. Kg2 Bg7 58. Kf3 Kf6 59. Kg4 Kxg6 60. Kf4 Kxh7 61. Ke4 Kg6 62. Kf4 Kf6 63. Ke3 Bh6+ 64. Ke4 e5 65. Kf3 Kf5 66. Ke2 Ke4 67. Kf2 Kd3 68. Kg3 e4 69. Kg4 e3 70. Kh5 e2 71. Kg6 e1Q 72. Kxh6 Qe5 73. Kg6 Ke4 74. Kh7 Qg3 75. Kh6 Kf5 76. Kh7 Kf6 77. Kh8 Qg7# 0-1

[Event "Swiss Queens Wed #14"]
[Site "FIDE Online Arena INT"]
[Date "2024.05.01"]
[Round "7"]
[White "Nguyen, Hong Nhung"]
[Black "Tokhirjonova, Gulruhbegim"]
[Result "0-1"]
[WhiteElo "2063"]
[BlackElo "2357"]
[PlyCount "100"]
[EventDate "2024.05.01"]
[EventType "swiss (blitz)"]
[EventRounds "11"]
[EventCountry "NET"]
[SourceTitle "CB19_2024"]
[SourceDate "2024.05.08"]
[SourceVersion "1"]
[SourceVersionDate "2024.05.08"]
[SourceQuality "1"]

1. e4 e5 2. Nf3 Nc6 3. d4 exd4 4. Nxd4 Nf6 5. Nc3 Bb4 6. Nxc6 bxc6 7. Bd3 d5 8. exd5 0-0 9. 0-0 cxd5 10. h3 Rb8 11. Qf3 Bd6 12. b3 Be5 13. Bb2 Re8 14. Rad1 c6 15. Na4 Qd6 16. Bxe5 Rxe5 17. c4 Bd7 18. cxd5 cxd5 19. Nc3 Rbe8 20. Ne2 Qb4 21. Nd4 h6 22. Bb1 a5 23. Qd3 a4 24. Rc1 Re4 25. Rfd1 Rxd4 26. Qxd4 Re1+ 27. Kh2 Qxd4 28. Rxd4 Rxc1 29. Bd3 axb3 30. axb3 Rd1 31. Bh7+ Kxh7 32. Rxd1 Kg6 33. f3 Kf5 34. Kg3 Ke5 35. b4 d4 36. Kf2 Nd5 37. Re1+ Kd6 38. Rd1 Ke5 39. Re1+ Ne3 40. g3 Bb5 41. Rc1 Nc4 42. f4+ Kd5 43. Kf3 d3 44. Rd1 Kd4 45. Kf2 Kc3 46. Ke1 Ne3 47. Rd2 Nc4 48. Ra2 d2+ 49. Rxd2 Nxd2 50. g4 Ne4 0-1

[Event "Swiss Queens Wed #14"]
[Site "FIDE Online Arena INT"]
[Date "2024.05.01"]
[Round "8"]
[White "Tokhirjonova, Gulruhbegim"]
[Black "Arabidze, Meri"]
[Result "0-1"]
[WhiteElo "2357"]
[BlackElo "2457"]
[PlyCount "98"]
[EventDate "2024.05.01"]
[EventType "swiss (blitz)"]
[EventRounds "11"]
[EventCountry "NET"]
[SourceTitle "CB19_2024"]
[SourceDate "2024.05.08"]
[SourceVersion "1"]
[SourceVersionDate "2024.05.08"]
[SourceQuality "1"]

1. Nf3 d5 2. g3 Nf6 3. Bg2 e6 4. 0-0 Be7 5. d3 0-0 6. Nbd2 c5 7. c4 Nc6 8. a3 b6 9. Rb1 Bb7 10. Qc2 Rc8 11. e3 Qc7 12. Rd1 Rfd8 13. Nf1 Qb8 14. Bd2 Qa8 15. Ne1 Ne5 16. cxd5 Bxd5 17. e4 Bb7 18. Bc3 Nc6 19. h3 Nd4 20. Qd2 a5 21. f4 a4 22. g4 b5 23. Ng3 b4 24. Bxd4 Rxd4 25. Nf3 Rdd8 26. Qe2 c4 27. Ne5 c3 28. bxc3 bxc3 29. Rdc1 Bxa3 30. Rc2 Bb2 31. g5 Nd7 32. Rf1 a3 33. Qh5 Nxe5 34. fxe5 Rf8 35. Rcf2 Qa7 36. Kh2 Bc6 37. Ne2 c2 38. Nc1 Bxe5+ 39. Kh1 a2 40. Nxa2 Qxa2 41. Rxf7 Qa3 42. g6 hxg6 43. Qxg6 c1Q 44. Qxe6 Rxf7 45. Qxf7+ Kh8 46. Qh5+ Qh6 47. Qxe5 Qad6 48. Qf5 Rg8 49. e5 Qdg6 0-1

[Event "Swiss Queens Wed #14"]
[Site "FIDE Online Arena INT"]
[Date "2024.05.01"]
[Round "10"]
[White "Tokhirjonova, Gulruhbegim"]
[Black "Gunina, Valentina"]
[Result "1-0"]
[WhiteElo "2357"]
[BlackElo "2437"]
[PlyCount "125"]
[EventDate "2024.05.01"]
[EventType "swiss (blitz)"]
[EventRounds "11"]
[EventCountry "NET"]
[SourceTitle "CB19_2024"]
[SourceDate "2024.05.08"]
[SourceVersion "1"]
[SourceVersionDate "2024.05.08"]
[SourceQuality "1"]

1. d4 d5 2. Nf3 Nf6 3. g3 c6 4. Bg2 Bf5 5. 0-0 e6 6. c4 h6 7. Nc3 Be7 8. Qb3 Qb6 9. c5 Qxb3 10. axb3 0-0 11. b4 a6 12. b5 cxb5 13. Nxb5 Nc6 14. Nc3 Ne4 15. h3 Bf6 16. e3 Rfb8 17. g4 Bg6 18. Na4 Bd8 19. Nd2 Nxd2 20. Bxd2 b5 21. cxb6 Bxb6 22. Rfc1 Ne7 23. Bb4 Bd8 24. Bd6 Rb7 25. Bf1 a5 26. Ba3 Nc8 27. Nc5 Rba7 28. Bb5 Rb8 29. Be2 Nb6 30. b3 Be7 31. Bb4 Rba8 32. Bd2 Bd6 33. Bb5 Kf8 34. Ra2 Ke7 35. Rca1 Bxc5 36. dxc5 Nd7 37. b4 Ne5 38. Bc3 Nf3+ 39. Kg2 Be4 40. Kg3 e5 41. Rxa5 Rxa5 42. Rxa5 Rb8 43. Be2 d4 44. exd4 Nxd4 45. Bxd4 exd4 46. b5 d3 47. Bf3 d2 48. Bd1 Rd8 49. b6 g5 50. f3 Bc6 51. Ra7+ Ke6 52. Rc7 Bb5 53. b7 Rb8 54. c6 Kd6 55. Rc8 Bxc6 56. Rxb8 Kc7 57. Rf8 Kxb7 58. Rxf7+ Kb6 59. Rf6 Kc5 60. Rxh6 Bd5 61. Rg6 Kd4 62. Rxg5 Bc4 63. Rg7 1-0

[Event "Titled Tuesday intern op 30th Apr Early"]
[Site "Chess.com INT"]
[Date "2024.04.30"]
[Round "4"]
[White "Seder, Mohamad"]
[Black "Tokhirjonova, Gulruhbegim"]
[Result "0-1"]
[WhiteElo "2077"]
[BlackElo "2357"]
[PlyCount "166"]
[EventDate "2024.04.30"]
[EventType "swiss (blitz)"]
[EventRounds "11"]
[EventCountry "USA"]
[SourceTitle "CB19_2024"]
[SourceDate "2024.05.08"]
[SourceVersion "1"]
[SourceVersionDate "2024.05.08"]
[SourceQuality "1"]

1. e4 e5 2. Nf3 Nc6 3. Bb5 a6 4. Bxc6 dxc6 5. h3 f6 6. 0-0 Bd6 7. d4 exd4 8. Nxd4 Ne7 9. Be3 0-0 10. Nc3 c5 11. Nb3 b6 12. a4 a5 13. Nd5 Be6 14. c4 Nc6 15. Qe2 Qe8 16. Rad1 Bf7 17. Nxb6 Bh5 18. g4 Bg6 19. Nxc5 Bxc5 20. Bxc5 cxb6 21. Bxf8 Qxf8 22. Qe3 Re8 23. f3 Qb4 24. b3 Bf7 25. Rd2 h5 26. Rfd1 hxg4 27. hxg4 Ne5 28. Kg2 Qe7 29. Rh1 Qe6 30. Qf4 Ng6 31. Qh2 Qc6 32. Qh7+ Kf8 33. Qh2 Qc5 34. Qd6+ Qxd6 35. Rxd6 Re6 36. Rd8+ Be8 37. Rhd1 Ke7 38. Kg3 Ne5 39. Rb8 g5 40. Rdd8 Bd7 41. Rh8 Rd6 42. Rh7+ Ke6 43. Rf8 Rd3 44. Kg2 Nxf3 45. Rh6 Nh4+ 46. Kg1 Rd1+ 47. Kf2 Ke5 48. Rhxf6 Kxe4 49. R8f7 Bxg4 50. Re7+ Kd3 51. Rd6+ Kc2 52. Rxd1 Bxd1 53. Re4 Kxb3 54. Ke1 Bc2 55. Re6 Kxa4 56. Rxb6 g4 57. c5 g3 58. c6 g2 59. Kf2 Bf5 60. Rb4+ axb4 61. c7 Bc8 62. Kg1 Kb3 63. Kh2 Kc3 64. Kg1 b3 65. Kh2 b2 66. Kg3 b1Q 67. Kh2 Qf5 68. Kg3 Qd7 69. Kh2 Qxc7+ 70. Kg1 Qe7 71. Kh2 Qe2 72. Kg1 Qf1+ 73. Kh2 Qh1+ 74. Kg3 g1Q+ 75. Kf4 Qhh2+ 76. Ke4 Qg4+ 77. Kd5 Qhf4 78. Kc6 Qg6+ 79. Kd5 Qgg5+ 80. Kc6 Qff6+ 81. Kc7 Qc5+ 82. Kb8 Qfb6+ 83. Ka8 Qca5# 0-1

[Event "Swiss Queens Wed #13"]
[Site "FIDE Online Arena INT"]
[Date "2024.04.24"]
[Round "1"]
[White "Narva, Triin"]
[Black "Tokhirjonova, Gulruhbegim"]
[Result "0-1"]
[WhiteElo "2079"]
[BlackElo "2357"]
[PlyCount "62"]
[EventDate "2024.04.24"]
[EventType "swiss (blitz)"]
[EventRounds "11"]
[EventCountry "NET"]
[SourceTitle "CB18_2024"]
[SourceDate "2024.05.01"]
[SourceVersion "1"]
[SourceVersionDate "2024.05.01"]
[SourceQuality "2"]

1. e4 e5 2. Nc3 Nc6 3. g3 Nf6 4. Bg2 Bc5 5. Nge2 d6 6. 0-0 0-0 7. Na4 Bd4 8. c3 Bb6 9. Nxb6 axb6 10. d4 exd4 11. cxd4 Re8 12. Nc3 h6 13. h3 Ra5 14. Be3 b5 15. d5 Ne5 16. Bd4 b4 17. Ne2 c5 18. dxc6 bxc6 19. b3 Ba6 20. Re1 Nd3 21. Nf4 Nxe1 22. Qxe1 Nxe4 23. Bxe4 d5 24. Qxb4 Rxe4 25. Qc3 c5 26. Bxg7 d4 27. Qc2 Rxf4 28. Bxh6 Rf3 29. Qe4 Qf6 30. Bf4 Rxf4 31. gxf4 c4 0-1

[Event "Titled Tuesday intern op 02nd Apr Late"]
[Site "Chess.com INT"]
[Date "2024.04.02"]
[Round "9"]
[White "Blanco Diez, David"]
[Black "Tokhirjonova, Gulruhbegim"]
[Result "1-0"]
[WhiteElo "2308"]
[BlackElo "2357"]
[PlyCount "55"]
[EventDate "2024.04.02"]
[EventType "swiss (blitz)"]
[EventRounds "11"]
[EventCountry "USA"]
[SourceTitle "CB15_2024"]
[SourceDate "2024.04.10"]
[SourceVersion "1"]
[SourceVersionDate "2024.04.10"]
[SourceQuality "1"]

1. d4 Nf6 2. Nc3 d5 3. Bg5 e6 4. e4 dxe4 5. Nxe4 Be7 6. Bxf6 Bxf6 7. Nf3 b6 8. Qd2 Bb7 9. Qf4 0-0 10. 0-0-0 Nd7 11. Ne5 Be7 12. Bd3 Nf6 13. Nxf6+ Bxf6 14. h4 Qd5 15. c4 Qa5 16. Nd7 Be7 17. Nxf8 Bxf8 18. Kb1 c5 19. d5 exd5 20. cxd5 b5 21. h5 c4 22. Bc2 Qb4 23. Qe4 g6 24. hxg6 hxg6 25. a3 Qd6 26. f4 Bc8 27. Qe5 Bg4 28. Qh8# 1-0

[Event "American Cup Elim (Women)"]
[Site "Saint Louis"]
[Date "2024.03.16"]
[Round "2.3"]
[White "Tang, Zoey"]
[Black "Tokhirjonova, Gulruhbegim"]
[Result "0-1"]
[WhiteElo "2253"]
[BlackElo "2365"]
[PlyCount "120"]
[EventDate "2024.03.14"]
[EventType "k.o. (rapid)"]
[EventRounds "3"]
[EventCountry "USA"]
[SourceTitle "CB12_2024"]
[SourceDate "2023.10.01"]
[SourceVersion "1"]
[SourceVersionDate "2023.10.01"]
[SourceQuality "1"]

1. d4 Nf6 2. c4 e6 3. Nf3 d5 4. Nc3 c6 5. e3 Nbd7 6. Qc2 Bd6 7. b3 0-0 8. Bb2 b6 9. Bd3 Bb7 10. 0-0 Qe7 11. Rad1 Rac8 12. Rfe1 Rfd8 13. e4 dxe4 14. Nxe4 Nxe4 15. Bxe4 Nf8 16. h4 h6 17. h5 a5 18. Qc1 a4 19. Bb1 axb3 20. axb3 Ra8 21. Qe3 Ra5 22. c5 Bc7 23. b4 Ra4 24. Qc3 Rd5 25. Be4 Qd8 26. Bxd5 Qxd5 27. Ne5 f6 28. Nf3 Qxh5 29. Ra1 b5 30. Qb3 Qg4 31. Rxa4 bxa4 32. Qa2 Kh8 33. Bc1 h5 34. Qe2 f5 35. Ne5 Qxe2 36. Rxe2 Ba6 37. Re3 Bb5 38. Rh3 g6 39. Nd3 Kg7 40. Nb2 e5 41. Ra3 exd4 42. Nxa4 Ne6 43. Nb2 Kf6 44. g3 g5 45. Kg2 f4 46. Nd3 Kf5 47. Ne1 g4 48. gxf4 Bxf4 49. Bxf4 Nxf4+ 50. Kh2 h4 51. Ra8 d3 52. Ng2 Nxg2 53. Kxg2 Ke4 54. Rd8 Bc4 55. f3+ gxf3+ 56. Kf2 h3 57. Re8+ Kd4 58. Ke1 Kc3 59. Rd8 h2 60. Rh8 d2+ 0-1

[Event "Titled Tuesday intern op 13th Feb Early"]
[Site "Chess.com INT"]
[Date "2024.02.13"]
[Round "7"]
[White "Tokhirjonova, Gulruhbegim"]
[Black "Bowden, Karl"]
[Result "1-0"]
[WhiteElo "2365"]
[BlackElo "2348"]
[PlyCount "71"]
[EventDate "2024.02.13"]
[EventType "swiss (blitz)"]
[EventRounds "11"]
[EventCountry "USA"]
[SourceTitle "CB08_2024"]
[SourceDate "2024.02.21"]
[SourceVersion "1"]
[SourceVersionDate "2024.02.21"]
[SourceQuality "1"]

1. e4 e5 2. Nf3 d5 3. Nxe5 Bd6 4. d4 dxe4 5. Nc3 Bxe5 6. dxe5 Qxd1+ 7. Nxd1 Nc6 8. Bf4 Nge7 9. Bb5 Bd7 10. Nc3 0-0-0 11. 0-0-0 Ng6 12. Bg5 Rde8 13. Rhe1 Rxe5 14. Be3 f5 15. Bxa7 Rxb5 16. Nxb5 b6 17. Nxc7 Nxa7 18. Nd5 Be6 19. Nxb6+ Kc7 20. Nd5+ Kc6 21. Nb4+ Kc7 22. a3 Nc6 23. Nxc6 Kxc6 24. f3 Bd5 25. c4 Bxc4 26. fxe4 f4 27. e5 Re8 28. Rd6+ Kc7 29. Rd4 Be6 30. b4 Ra8 31. Kb2 Re8 32. a4 Rb8 33. b5 Ne7 34. Rc1+ Kb7 35. Rd6 Bf5 36. a5 1-0